Diamantino
Gorde:
| Egile nagusia: | |
|---|---|
| Formatua: | Liburua |
| Hizkuntza: | gaztelania |
| Argitaratua: |
Santiago
Tornagaleones
1996
|
| Gaiak: | |
| Etiketak: |
Etiketa erantsi
Etiketarik gabe, Izan zaitez lehena erregistro honi etiketa jartzen!
|
MARC
| LEADER | 00000nam a2200000 a 4500 | ||
|---|---|---|---|
| 001 | UCT2537 | ||
| 003 | CL-VaPUC | ||
| 008 | 961011e19960000CL |||||||||||||||||spa|d | ||
| 082 | 0 | 4 | |a Ch863 |b EMM |2 21 |
| 100 | 0 | |a Emmerich, Fernando |e author |9 371552 | |
| 245 | 1 | 0 | |a Diamantino |
| 300 | |a 107 p | ||
| 942 | |c BK | ||
| 945 | |d 19961011 00:00:00 |a rleighto | ||
| 260 | |a Santiago |b Tornagaleones |c 1996 | ||
| 650 | 0 | |a Cuentos chilenos |9 308280 | |
| 583 | |a last modification |c 19961011 00:00:00 |k Rodrigo Vera | ||
| 999 | |c 252598 |d 252596 | ||
| 952 | |0 0 |1 0 |4 0 |6 CH_863_000000000000000_EMM_1996 |7 0 |8 A |9 272535 |a BIBEDU |b BIBEDU |d 2019-11-19 |i 3240568 |o Ch863 EMM 1996 |p 3240568 |r 2019-11-19 |w 2019-11-19 |y BK |k LIT | ||